00582nam a22001697a 450000500170000000800410001708200200005810000280007824500570010626000400016330000100020350000310021365000140024494200070025899900170026595201300028220260408130258.0260408b |||||||| |||| 00| 0 eng d a354.5491bEXP-G aGovernment of Pakistan  aExplanatory Memorandum on Federal Receipts 2002-2003 aIslamabad bFinance Division c2003 a74 P. aGifted by Dr.Salman Hassan aAccountig cBK c47258d47258 00w2026-04-081040708AccountingaAUSCbAUSCcAccountingd2026-04-08l0o354.5491 EXP-GpAUHEG0015r2026-04-08 12:30:32yBK